Encuesta de consumo cultural 2004-2005
Saved in:
| Institution som forfatter: | |
|---|---|
| Format: | Bog |
| Sprog: | spansk |
| Udgivet: |
Valparaíso
Consejo Nacional de la Cultura y las Artes
2007
|
| Fag: | |
| Tags: |
Tilføj Tag
Ingen Tags, Vær først til at tagge denne postø!
|
MARC
| LEADER | 00000nam a2200000 a 4500 | ||
|---|---|---|---|
| 001 | UCI7807 | ||
| 003 | CL-VaPUC | ||
| 008 | 080725e20070000CL |||||||||||||||||spa|d | ||
| 020 | |a 9789568327279 | ||
| 082 | 0 | 4 | |a 306.0983 |b CON |2 21 |
| 110 | 2 | |a Consejo Nacional de la Cultura y las Artes |e author |9 531102 | |
| 245 | 1 | 0 | |a Encuesta de consumo cultural 2004-2005 |
| 300 | |a 101 p | ||
| 942 | |c BK | ||
| 945 | |d 20080725 00:00:00 |a rbrito | ||
| 260 | |a Valparaíso |b Consejo Nacional de la Cultura y las Artes |c 2007 | ||
| 650 | 0 | |a Cultura |9 269059 | |
| 650 | 0 | |a Política cultural |9 316492 | |
| 650 | 0 | |a Participación social |9 256140 | |
| 651 | 7 | |a CHILE |2 CL-VaPUC |9 531103 | |
| 583 | |a last modification |c 20150924 21:40:33 |k Rodrigo Vera | ||
| 999 | |c 330949 |d 330947 | ||